000 00715cam a22002411 4500
001 he 65001562
003 DLC
005 20260227111434.0
008 881121s1965 is 000 0 hebr
010 _ahe 65001562
035 _a(OCoLC)18788698
040 _aDLC
_cCU
_dCU
_dDLC
041 0 _ahebfre
042 _apremarc
050 0 0 _aPJ4835.F5
_bC6
100 1 _aCohn, Marc.
245 1 0 _aMilon ḥadash Tsarefati ʻIvri,
_cme-et Mordekhai M. Kohen.
260 _aYerushalayim,
_bAḥiʼasaf
_c[1965]
300 _a759 p.
_c23 cm.
500 _aAdded t. p.: Nouveau dictionnaire français-hébreu.
650 0 _aFrench language
_xDictionaries
_xHebrew.
740 0 _aNouveau dictionnaire français-hébreu.
999 _c31418
_d31418